Hiểu biết về khoa học kĩ thuật : Những điều lạ em muốn biết

Bộ sách sẽ giúp chúng ta biết được những kiến thức vô cùng quý giá về các chủ đề khoa học kỹ thuật thông qua trả lời những câu hỏi xoay quanh chủ đề này và giải đáp cho người đọc.

Đã lưu trong:
書目詳細資料
主要作者: Phạm Văn Bình (Biên soạn)
格式: 圖書
語言:Vietnamese
出版: Hồ Chí Minh Thanh niên 2021
主題:
標簽: 添加標簽
沒有標簽, 成為第一個標記此記錄!
Thư viện lưu trữ: Thư viện Trường Đại học Nam Cần Thơ
LEADER 01084nam a22001937a 4500
001 NCT_4_010335
008 240618b xxu||||| |||| 00| 0 vie d
999 |c 8462  |d 8462 
020 |a 9786043416572  |c 45000 
082 0 4 |2 23rd ed.  |a 001  |b B312 
100 1 |a Phạm Văn Bình  |e Biên soạn 
245 1 0 |a Hiểu biết về khoa học kĩ thuật :   |b Những điều lạ em muốn biết  |c Phạm Văn Bình (biên soạn) 
260 |a Hồ Chí Minh  |b Thanh niên  |c 2021 
300 |a 147 tr.  |b Minh họa  |c 21cm 
520 3 |a Bộ sách sẽ giúp chúng ta biết được những kiến thức vô cùng quý giá về các chủ đề khoa học kỹ thuật thông qua trả lời những câu hỏi xoay quanh chủ đề này và giải đáp cho người đọc. 
653 |a Tham khảo 
942 |2 ddc  |c BK 
952 |0 0  |1 0  |2 ddc  |4 0  |6 001_000000000000000_B312  |7 0  |9 29146  |a 000001  |b 000001  |d 2024-06-18  |o 001 B312  |p TK.04378  |r 2024-06-18  |v 45000.00  |w 2024-06-18  |y BK 
980 |a Thư viện Trường Đại học Nam Cần Thơ